Keyboard Symbols - Sudden Death - Statistics

General Stats
  • This quiz has been taken 569 times
    36 since last reset
  • The average score is 14 of 20
Answers on the Grid
Answers color-coded by a green-red scale on the quiz's grid according to % correct below.

<

¢

!

"

$

%

&

'

*

0

;

=

>

?

@

A

\

^

`

|

~

§

®

°

½

÷

 
Answer Stats
Answer % Correct

!

87%

A

78%

%

78%

=

78%

?

78%

\

78%

^

78%

>

74%

"

74%

@

74%

<

74%

0

70%

$

70%

'

70%

;

70%

&

65%

*

65%

`

61%

|

52%

~

52%
No matching quizzes found
Score Distribution
Percent of People with Each Score
Percentile by Number Answered
Your Score History
You have not taken this quiz since the last reset